000 00636nam a2200217Ii 4500
003 JO-AjNU
008 230606s9999||||xx |||||||||||||| ||und||
020 _a0-413-39270-8
040 _aJO-AjNU
_beng
_erda
_cJO-AjNU
041 _aeng
050 1 4 _aPR6052.O5.A19 1978
100 3 _aBond,Edward ,
_eauthor
_95551
245 0 0 _a Plays Tow: Lear ,The Sea, Narrow Road to the Deep North ,Black Mass, Passion
250 _a1 ed
264 3 1 _aLondon: Methuen's World , 1978
300 _a253P
336 _atext
_btxt
_2rdacontent
337 _aunmediated
_bn
_2rdamedia
338 _avolume
_bnc
_2rdacarrier
650 4 _aPlays
_95552
999 _aE2871
_c2869
_d2869